000 01162naa a22003017a 4500
001 BR9403306
003 BR-BrBNA
005 20240918181222.0
007 ta
008 230509b bl.||||| |||| 00| 0 por d
040 _aBR-BrBNA
_bpor
_cBiblioteca Nacional de Agricultura
041 _a(Es)
072 _aF01; F60
_b1300
090 _aF01 BR9403306
100 1 _aPortas, C.A.M.
111 1 _a24. Congresso Brasileiro de Olericultura1. Reuniao Latino-Americana de Olericultura
_cJaboticabal, SP (Brazil)
_d16-21 Jul 1984
245 1 _aEstudios del sistema radical de cultivos horticolas
260 3 _aBrasilia, DF (Brasil):
_c1984.
500 _aAnais do 24. Congresso Brasileiro de Olericultura e 1. Reuniao Latino-Americana de Olericultura Brasilia, DF (Brasil): 1984. p. 16-50 (BR9403306-AM)F01
650 _aHortalica
650 _aRaiz
650 _aNutriente
650 _aAbsorcao
650 _aCrescimento
773 0 _tAnais do 24. Congresso Brasileiro de Olericultura e 1. Reuniao Latino-Americana de Olericultura
_wF01 BR9403306
_gBrasilia, DF (Brasil), 1984. p. 16-50
909 _a202404
_bLucia
_c55
_dLucia Elande
942 _cAM
_2AGRIS
999 _c324177
_d324177